000 00663nam a2200205Ia 4500
003 GCL
008 140319s9999 xx 000 0 ara d
040 _aGCL /
_cGCL
082 0 4 _a330.9
_bر ا
100 1 _aحسين عمر (ترجمة)
245 1 0 _aالاقتصادى فى القرن العشرين /
_cحسين عمر (ترجمة)
700 1 _aروبنز، ليونيل
700 1 _aصلاح الدين نامق (مراجعة)
300 _a221 ص
490 _aالالف كتاب
_v0
650 0 4 _aالاقتصاد - تاريخ
650 0 4 _aالاقتصاد - مقالات ومحاضرات
650 0 4 _aالاقتصاديون
942 _2ddc
_cBK
999 _c45753
_d45753